000
00295 a2200157 4500
001
163179
020
_a
040
_c
Magnum
100
_a
Genofre, Godofredo
240
1
0
_a
A anemona
_l
por
245
1
0
_a
A anemona
362
0
_a
1899
440
1
_a
FTD
697
_a
I/ANIMAIS
942
_c
BK
999
_c
163179
_d
163179